000
00275nam a2200109Ia 4500
008
190216s9999||||xx |||||||||||||| ||und||
100
_a
Harry Michael
245
0
_a
Production Management
260
_b
Tata Mcgraw Hill Publishing Company Ltd
_c
1972
300
_a
77p
942
_c
BK
999
_c
4268
_d
4268